Central Library OPAC University of Rajshahi

Victorian advertisements / (Record no. 16270)

MARC details
000 -LEADER
fixed length control field 00902nam a22002771 4500
001 - CONTROL NUMBER
control field 16270
003 - CONTROL NUMBER IDENTIFIER
rucl marc code BD-RjUL
005 - DATE AND TIME OF LATEST TRANSACTION
control field 20211209000004.0
008 - FIXED-LENGTH DATA ELEMENTS--GENERAL INFORMATION
fixed length control field 140213s1968 enkah b 000 0 eng
020 ## - INTERNATIONAL STANDARD BOOK NUMBER
International Standard Book Number 0719518385
035 ## - SYSTEM CONTROL NUMBER
System control number (BD-RjUL)16325
040 ## - CATALOGING SOURCE
Original cataloging agency DLC
Transcribing agency DLC
Modifying agency DLC
-- BD-RjUL
Language of cataloging eng
041 ## - LANGUAGE CODE
Language code of text/sound track or separate title eng
082 00 - DEWEY DECIMAL CLASSIFICATION NUMBER
Classification number 659.13
Author mark and year VRV 1968
100 1# - MAIN ENTRY--PERSONAL NAME
Personal name Vries, Leonard de,
9 (RLIN) 50311
245 10 - TITLE STATEMENT
Title Victorian advertisements /
Statement of responsibility, etc. compiled [by] Leonard de Vries in collaboration with Ilonka van Amstel from the collections of Mr. Roland Knaster and the British Museum; text by James Laver.
260 ## - PUBLICATION, DISTRIBUTION, ETC. (IMPRINT)
Place of publication, distribution, etc. London :
Name of publisher, distributor, etc. Murray,
Date of publication, distribution, etc. c1968.
300 ## - PHYSICAL DESCRIPTION
Pagination 136 p. :
Illustrations ill. ;
Size 30 cm.
350 ## - PRICE (NR) (BK AM CF MU VM SE) [OBSOLETE]
Price 40/-
504 ## - BIBLIOGRAPHY, ETC. NOTE
Bibliography, etc Bibliography: p. 134.
650 #0 - SUBJECT ADDED ENTRY--TOPICAL TERM
Topical term or geographic name as entry element Advertising
Geographic subdivision Great Britain.
9 (RLIN) 50312
700 1# - ADDED ENTRY--PERSONAL NAME
Personal name Amstel, Ilonka van,
Relator term joint comp.
942 ## - ADDED ENTRY ELEMENTS (KOHA)
Source of classification or shelving scheme Dewey Decimal Classification
Koha item type Books
Holdings
Lost status Source of classification or shelving scheme Damaged status Not for loan Collection code Permanent Location Current Location Shelving location Date acquired Source of acquisition Cost, normal purchase price Total Checkouts Full call number Date last seen Copy number Koha item type
  Dewey Decimal Classification   Not For Loan Non-fiction Central Library, University of Rajshahi Central Library, University of Rajshahi Reading Room 12/06/1975 Janathan ware & co. 2.25   659.13 VRV 1968 13/02/2014 C-1 Books